|
|
|
|
| LEADER |
00000cas a2200000 a 4500 |
| 001 |
vtls008881416 |
| 003 |
SK-MaSNL |
| 005 |
20260228162147.0 |
| 008 |
150707d19912003xo qr|p 0 0 b0slo |
| 022 |
|
|
|a 1335-8685
|
| 035 |
|
|
|a (SVKBB03)vtls000068176
|
| 040 |
|
|
|a SVKBB
|b slo
|c SVKBB
|d SAVUK
|d SNK
|e AACR2
|
| 041 |
0 |
|
|a slo
|
| 044 |
|
|
|a xo
|c SK
|
| 072 |
|
7 |
|a 615
|x Farmácia. Farmakológia
|2 konspekt
|
| 080 |
|
|
|a 615.01/.09
|2 2001
|
| 080 |
|
|
|a 615.2/.3
|2 2001
|
| 080 |
|
|
|a 050
|2 2001
|
| 210 |
0 |
|
|a Slovakofarma rev.
|
| 222 |
|
0 |
|a Slovakofarma revue
|
| 245 |
0 |
0 |
|a Slovakofarma revue
|
| 260 |
|
|
|a Hlohovec
|b Slovakofarma
|c 1991-2003
|
| 300 |
|
|
|a 13 zv.
|c 30 cm
|
| 310 |
|
|
|a 4x ročne
|
| 362 |
0 |
|
|a Roč. I, č. 1 (1991)-roč. XIII, č. 3 (2003)
|
| 500 |
|
|
|a Roč. 1 (1991) - vyšli 3 čísla: č. 1 v júni, č. 2 v septembri, č. 3 v decembri
|
| 500 |
|
|
|a Podnázov od r. 1992: vedecko-odborný časopis
|
| 500 |
|
|
|a Podnázov v tir.: odborná medicínska publikácia so zameraním na najnovšie poznatky o liečivách a liečebných postupoch
|
| 504 |
|
|
|a Bibliogr. odkazy
|
| 650 |
0 |
7 |
|a farmakológia
|2 SNKPH
|9 2468
|
| 650 |
0 |
7 |
|a liečivá
|2 SNKPH
|9 2452
|
| 655 |
|
7 |
|a odborné časopisy
|2 SNKPH
|9 70505
|
| 910 |
|
|
|a svkbb
|
| 910 |
|
|
|a savuk
|
| 910 |
|
|
|a snk
|
| 916 |
|
|
|a 1991-2003
|
| 999 |
|
|
|c 6983
|d 8913
|
| 952 |
|
|
|0 0
|1 0
|4 0
|7 0
|8 0
|a SNK
|b SNK
|d 2009-03-11
|f 1
|i snk2009/5030
|l 0
|o snkČSB 4184/9/1999
|p 17A0534477
|r 2026-02-21 19:30:46
|t č. 1-4
|w 2026-02-21
|y PREZ
|
| 952 |
|
|
|0 0
|1 0
|4 0
|7 0
|8 0
|a SNK
|b SNK
|d 2009-03-11
|i snk2009/5031
|l 0
|o snkČSB 4184/9/1999 D1
|p 17A0534478
|r 2026-02-21 19:30:46
|t č. 1-4, neúplné
|w 2026-02-21
|y PREZ
|z Chýba č. 2-3
|
| 952 |
|
|
|0 0
|1 0
|4 0
|7 0
|8 0
|a SNK
|b SNK
|d 2009-03-11
|f 1
|i snk2009/5032
|l 0
|o snkČSB 4184/11/2001
|p 17A0534479
|r 2026-02-21 19:30:46
|t č. 1-4
|w 2026-02-21
|y PREZ
|
| 952 |
|
|
|0 0
|1 0
|4 0
|7 0
|8 0
|a SNK
|b SNK
|d 2009-03-11
|i snk2009/5033
|l 0
|o snkČSB 4184/11/2001 D1
|p 17A0534480
|r 2026-02-21 19:30:46
|t č. 1-4
|w 2026-02-21
|y PREZ
|
| 952 |
|
|
|0 0
|1 0
|4 0
|7 0
|8 0
|a SNK
|b SNK
|d 2009-03-11
|f 1
|i snk2009/5035
|l 0
|o snkČSB 4184/12/2002
|p 17A0534481
|r 2026-02-21 19:30:46
|t č. 1-4
|w 2026-02-21
|y PREZ
|
| 952 |
|
|
|0 0
|1 0
|4 0
|7 0
|8 0
|a SNK
|b SNK
|d 2009-03-11
|i snk2009/5038
|l 0
|o snkČSB 4184/12/2002 D1
|p 17A0534482
|r 2026-02-21 19:30:46
|t č. 1-4
|w 2026-02-21
|y PREZ
|
| 952 |
|
|
|0 0
|1 0
|4 0
|7 0
|8 0
|a SNK
|b SNK
|d 2009-03-11
|i snk2009/5044
|l 0
|o snkČSB 4184/13/2003 D1
|p 17A0534484
|r 2026-02-21 19:30:46
|t č. 1-3
|w 2026-02-21
|y PREZ
|
| 952 |
|
|
|0 0
|1 0
|4 0
|7 0
|a SNK
|b SNK
|d 2003-06-12
|i snkČSP 2177/2000
|l 0
|o snkČSB 4184/5/1995 D1
|p 17A0386539
|r 2005-01-02 00:00:00
|t č. 1-3
|w 2026-02-21
|y PREZ
|z č. 1-3
|
| 952 |
|
|
|0 0
|1 0
|4 0
|7 0
|8 0
|a SNK
|b SNK
|d 2009-03-11
|f 1
|i snk2009/5040
|l 0
|o snkČSB 4184/13/2003
|p 17A0534483
|r 2026-02-21 20:22:00
|t č. 1-3
|w 2026-02-21
|y PREZ
|
| 952 |
|
|
|0 0
|1 0
|4 0
|7 0
|a SNK
|b SNK
|d 2001-08-14
|l 0
|o snkČSB 4184/7/1997 D1
|p 17A0311046
|r 2005-01-02 00:00:00
|t č. 1-4
|w 2026-02-21
|y PREZ
|
| 952 |
|
|
|0 0
|1 0
|4 0
|7 0
|a SNK
|b SNK
|d 2004-09-27
|f 1
|i snkČSP 2176/2000
|l 0
|o snkČSB 4184/5/1995
|p 17A0445340
|r 2005-01-02 00:00:00
|t č. 1-3
|w 2026-02-21
|y PREZ
|
| 952 |
|
|
|0 0
|1 0
|4 0
|7 0
|8 1
|a SNK
|b SNK
|d 2013-09-03
|f 1
|i snk2013/20227
|l 0
|o snkČSB 4184/10/2000
|p 17A0961097
|r 2026-02-21 21:24:05
|t č. 1-4
|w 2026-02-21
|y PREZ
|
| 952 |
|
|
|0 0
|1 0
|4 0
|7 0
|a SNK
|b SNK
|d 1997-02-06
|l 0
|o snkČSB 4184/2/1992 D1
|p 17A0036443
|r 2005-01-02 00:00:00
|t č. 1-4
|w 2026-02-21
|y PREZ
|
| 952 |
|
|
|0 0
|1 0
|4 0
|7 0
|a SNK
|b SNK
|d 1997-02-11
|f 1
|i snkČSP 410/94
|l 0
|o snkČSB 4184/2/1992
|p 17A0036128
|r 2005-01-02 00:00:00
|t č. 1-4
|w 2026-02-21
|y PREZ
|
| 952 |
|
|
|0 0
|1 0
|4 0
|7 0
|a SNK
|b SNK
|d 1998-01-22
|l 0
|o snkČSB 4184/A/2/1992
|p 17A0119764
|r 2005-01-02 00:00:00
|w 2026-02-21
|y PREZ
|
| 952 |
|
|
|0 0
|1 0
|4 0
|7 0
|a SNK
|b SNK
|d 2003-10-21
|i snkČSP 2175/2000
|l 0
|o snkČSB 4184/8/1998 D1
|p 17A0400946
|r 2005-01-02 00:00:00
|t č. 1-3+príl.
|w 2026-02-21
|y PREZ
|
| 952 |
|
|
|0 0
|1 0
|4 0
|7 0
|a SNK
|b SNK
|d 2004-09-09
|f 1
|i snkČSP 2178/2000
|l 0
|o snkČSB 4184/6/1996
|p 17A0436690
|r 2005-01-02 00:00:00
|t č. 1-3
|w 2026-02-21
|y PREZ
|
| 952 |
|
|
|0 0
|1 0
|4 0
|7 0
|a SNK
|b SNK
|d 2015-06-16
|f 1
|i snkČSP 1984/93
|l 0
|o snkČSB 4184/1/1991
|p 17A0928160
|r 2026-02-21 21:46:33
|t č. 1-3
|w 2026-02-21
|y PREZ
|
| 952 |
|
|
|0 0
|1 0
|4 0
|7 0
|a SNK
|b SNK
|d 2015-06-16
|f 1
|i snkČSP 2180/2000
|l 0
|o snkČSB 4184/3/1993
|p 17A0928159
|r 2026-02-21 21:46:33
|t č. 1-4
|w 2026-02-21
|y PREZ
|
| 952 |
|
|
|0 0
|1 0
|4 0
|7 0
|a SNK
|b SNK
|d 2001-08-28
|f 1
|i snkČSP 2172/2000
|l 0
|o snkČSB 4184/7/1997
|p 17A0152909
|r 2005-01-02 00:00:00
|t č. 1-4
|w 2026-02-21
|y PREZ
|
| 952 |
|
|
|0 0
|1 0
|4 0
|7 0
|a SNK
|b SNK
|d 2015-06-16
|f 1
|i snkČSP 2174/2000
|l 0
|o snkČSB 4184/8/1998
|p 17A0928168
|r 2026-02-21 21:46:33
|t č. 1-3+ príl.
|w 2026-02-21
|y PREZ
|
| 952 |
|
|
|0 0
|1 0
|4 0
|7 0
|8 0
|a SNK
|b SNK
|d 2016-10-14
|i snk2016/24054
|l 0
|o snkČSB 4184/4/1994
|p 17A1046270
|r 2026-02-21 22:10:07
|t č. 1-4
|w 2026-02-21
|y PREZ
|
| 952 |
|
|
|0 0
|1 0
|4 0
|7 0
|8 0
|a SNK
|b SNK
|d 2016-10-11
|i snk2016/23775
|l 0
|o snkČSB 4184/10/2000 D1
|p 17A1203454
|r 2026-02-21 22:10:14
|t č. 1-4, neúplné
|w 2026-02-21
|y PREZ
|z Chýba č. 1, 2, 4
|